000 00642nam a2200241Ia 4500
003 OSt
005 20220918192424.0
006 a|||||r|||| 00| 0
007 ta
008 220917b |||||||| |||| 00| 0 eng d
024 _a68,276
037 _cTextual
040 _aARTS
_cARTS
_beng
041 _2eng
_aeng
082 _aO111,2J64:g, K3
100 _aTraversi Derek
_94888
245 0 _aShakespeare
_b The Roman plays
260 _aLondon
_bHollis & Carter UK
_c1963
300 _a288p.
_ccm.
650 _aENGLISH LITERATURE
942 _hO111,2J64:g, K3
_cTEXL
_2CC
999 _c194454
_d194454